000 00810nam a22002177a 4500
005 20240503094247.0
008 130821s1944 xxu gr eng
040 _aCo-BoUCM
_bspa
_cDavid Moreno (modificó)
_dDavid Moreno (modificó)
041 0 0 _aeng
100 1 _aJames, Montague Rhodes
_9149706
245 1 0 _aBest ghost stories
_cMontague Rhodes James
260 _aNueva York (Estados Unidos)
_bThe World Publishing Co.
_c1944
300 _a319 Páginas
490 _aThe Albatross Modern Continental Library Vol 277
500 _aIncluye índice
600 _a Cuentos de fantasmas en inglés
_vAntologías
_y1837-1945
_9180618
650 0 4 _aCuentos de terror
_912268
650 0 4 _aCuentos estadounidenses
_912271
942 _cLIBRO
_a18
_e1
_mJ15
_n0
_2DEWEY
_h813
999 _c85966
_d85966